Normal view
MARC view
- Tanzo Mazah
Entry Geographic Name
001 - CONTROL NUMBER
- control field: 106773
003 - CONTROL NUMBER IDENTIFIER
- control field: NUST
005 - DATE AND TIME OF LATEST TRANSACTION
- control field: 20230106081058.0
008 - FIXED-LENGTH DATA ELEMENTS
- fixed length control field: 230106|| aca||aabn | a|a d
040 ## - CATALOGING SOURCE
- Original cataloging agency: NUST
- Transcribing agency: NUST
151 ## - HEADING--GEOGRAPHIC NAME
- Geographic name: Tanzo Mazah
670 ## - SOURCE DATA FOUND
- Source citation: Work cat.: (NUST): Haqi, Shan Ul Haq 106771, Nook Jhook “نوک جھوک” /, 2019
